000
00253nam a2200109Ia 4500
008
170627s9999 xx 000 0 und d
100
_a
VOHRA- N.D.
245
0
_a
QUANTITATIVE TECHNIQUES IN MANAGEMENT
260
_b
TMH
260
_c
2005
546
_a
ENGLISH
690
_a
MANAGEMENT
999
_c
35331
_d
35331